000 02145nam0a2200361 4500
001 RU\NLR\bibl\1724053
005 20260408220421.0
010 _a978-5-7882-0931-9
_9100
021 _aRU
_b2010-99401
_96715
035 _a(nilc)RSL-KNO-004865052
035 _a(NLR Aleph) 001715031
090 _a1304031
_c1304031
100 _a20101220d2010 |||y0rusy50 ca
101 0 _arus
102 _aRU
105 _aa |||||||||
200 1 _aПроблемы психолого-педагогического обеспечения инновационного образовательного процесса в техническом вузе
_eсборник научных статей
_fФедеральное агентство по образованию, Гос. образовательное учреждение высш. проф. образования "Казанский гос. технологический ун-т", Каф. педагогики и методики высш. проф. образования
_g[отв. ред. Е. В. Загайнова]
210 _aКазань
_cКГТУ
_d2010
215 _a233 с.
_cил.
_d21
320 _aБиблиогр. в конце ст.
606 1 _aВысшие технические учебные заведения
_jСборники
_xВоспитательная работа
_91405863
_3RU\NLR\auth\66279871
606 _aВысшее техническое образование
_xИнновации
_jСборники
_3RU\NLR\AUTH\6601752913
_92664886
686 1 _aЧ488.712я43
686 1 _aЧ488.713я43
702 1 _aЗагайнова
_bЕ. В.
_gЕлена Вениаминовна
_4340
712 0 2 _4570
_aКазанский государственный технологический университет
_bКафедра педагогики и методики высшего профессионального образования
_3RU\NLR\AUTH\8810174663
_9845377
801 0 _aRU
_bRuMoRKP
_c20101220
_grcr
801 1 _aRU
_bRuMoRGB
_c20101220
801 2 _aRU
_bNLR
_c20110118
_grcr
942 _cBOOK
980 _aNB